• 首页
  • 本馆介绍
  • 公告通知
  • 最新文献
  • 馆藏检索
  • 电子资源
  • 读者导购
  • 参考咨询
  • 我的图书馆
  • 登录
  • 详细信息显示
  • 放入我的书架
  • 预约/预借图书
  • 作者相关作品
  • 分类相关作品
  • 丛书相关作品
  • 出版社相关作品

书目信息

  • 表格格式
  • 工作单格式
  • 卡片格式
题名:
环境生物化学
    
 
作者: 郭雅妮 , 同帜 主编
分册:  
出版信息: 西安   西北工业大学出版社  2010
页数: 431页
开本: 26cm
丛书名:
单 册:
中图分类: X13
科图分类:
主题词: 环境化学--生物化学--高等学校--教材 , 环境化学 , 生物化学
电子资源:
ISBN: 978-7-5612-2862-3
000 01003nam0 2200277 45
001 1138513641
005 20110419100517.65
010    @a978-7-5612-2862-3@dCNY42.00
100    @a20110408d2010 em y0chiy50 ea
101 0  @achi
102    @aCN@b610000
105    @aa z 000yy
106    @ar
200 1  @a环境生物化学@AHuan Jing Sheng Wu Hua Xue@f郭雅妮,同帜主编@FGuo Ya Ni, Tong Zhi Zhu Bian
210    @a西安@c西北工业大学出版社@d2010
215    @a431页@c图@d26cm
300    @a高等学校教材
330    @a本书分为两个理论和实验两个部分,理论部分在广泛参考国内外相关书籍资料的基础上,系统阐明了环境污染及环境污染物处理过程中涉及的生物化学原理,实验部分包括基础性试验和综合性实验,并附有实验中的常用数据。
606 0  @a环境化学@x生物化学@x高等学校@j教材
606 0  @a环境化学
606 0  @a生物化学
690    @aX13@v4
701  0 @a郭雅妮@AGuo Ya Ni@c(女,@f1972~)@4主编
701  0 @a同帜@ATong Zhi@f(1963~)@4主编
801  0 @aCN@bTANGWEI@c20110419
905    @b0536445-49@dX13@e191@f5
    
    环境生物化学/郭雅妮,同帜主编.-西安:西北工业大学出版社,2010
    431页:图;26cm
    高等学校教材
    
    ISBN 978-7-5612-2862-3:CNY42.00
    本书分为两个理论和实验两个部分,理论部分在广泛参考国内外相关书籍资料的基础上,系统阐明了环境污染及环境污染物处理过程中涉及的生物化学原理,实验部分包括基础性试验和综合性实验,并附有实验中的常用数据。
●
相关链接 在E读中查询图书 在五车中查询图书 在当当中查询图书 在豆瓣中查询图书


正题名:环境生物化学     索取号:X13/191         预约/预借

序号 登录号 条形码 馆藏地/架位号 状态 备注
1 0536445   205364452   第二样本阅览室/ [索取号:X13/191] 在馆    
2 0536446   205364461   第三借阅区/ [索取号:X13/191] 在馆    
3 0536447   205364470   第三借阅区/ [索取号:X13/191] 在馆    
4 0536448   205364489   第三借阅区/ [索取号:X13/191] 在馆    
5 0536449   205364498   第三借阅区/ [索取号:X13/191] 在馆    
唐山师范学院图书馆 欢迎您!
大连网信软件有限公司© 版权所有